[Event "Queens-ch"]
[Site "Jamaica"]
[Date "2006.11.10"]
[Round "6"]
[White "Nelson, Lamont"]
[Black "Sugar, Zoltan"]
[Result "1-0"]
[WhiteElo "1590"]
[BlackElo "1759"]
[PlyCount "40"]
[EventDate "2006.02.26"]
[EventType "swiss"]
[EventRounds "7"]
[EventCountry "USA"]
[SourceTitle "EXT 2008"]
[Source "ChessBase"]
[SourceDate "2007.11.25"]
[SourceVersion "1"]
[SourceVersionDate "2007.11.25"]
[SourceQuality "1"]

1. e4 e5 2. Bc4 Nc6 3. Nf3 Bc5 4. Bxf7+ Kxf7 5. Nxe5+ Nxe5 6. d4 Bd6 7. dxe5 Be7 8. 0-0 d6 9. f4 g6 10. e6+ Kg7 11. f5 Nf6 12. Nc3 c6 13. Bg5 Qb6+ 14. Kh1 Qc7 15. fxg6 hxg6 16. Bxf6+ Bxf6 17. Rxf6 Kxf6 18. Qd4+ Kxe6 19. Qxh8 Rb8 20. Rf1 Qe7 1-0

[Event "Queens-ch"]
[Site "Jamaica"]
[Date "2006.11.03"]
[Round "5"]
[White "Frawley, James M"]
[Black "Nelson, Lamont"]
[Result "1-0"]
[WhiteElo "1618"]
[BlackElo "1590"]
[PlyCount "70"]
[EventDate "2006.02.26"]
[EventType "swiss"]
[EventRounds "7"]
[EventCountry "USA"]
[SourceTitle "EXT 2008"]
[Source "ChessBase"]
[SourceDate "2007.11.25"]
[SourceVersion "1"]
[SourceVersionDate "2007.11.25"]
[SourceQuality "1"]

1. d4 Nf6 2. c4 g6 3. Nc3 Bg7 4. e4 d6 5. f3 0-0 6. Be3 Nbd7 7. Qd2 Re8 8. Nge2 e5 9. d5 b6 10. Ng3 Bb7 11. Bh6 Bh8 12. h4 Rc8 13. 0-0-0 c6 14. h5 cxd5 15. hxg6 fxg6 16. exd5 a6 17. Kb1 Nc5 18. Bg5 Qd7 19. Bxf6 Bxf6 20. Nge4 Bg7 21. Qg5 Rf8 22. Qh4 h6 23. Nxc5 bxc5 24. Bd3 g5 25. Qh5 Qf7 26. Bg6 Qf4 27. Ne4 Rc7 28. Rd3 Rfc8 29. g3 Qf8 30. Nxg5 Re7 31. Ne6 Rxe6 32. dxe6 Qf6 33. Bf7+ Kh7 34. Re1 d5 35. Rxe5 d4 1-0